00471nam a2200121Ia 4500008004100000024007200041082001900113100010600132245002200238260002600260600002500286650003800311260210s9999 xx 000 0 und d a17B-028-SE, 17B-040-SE, 17B-017-SE, 17B-047-SE & 17B-018-SE a004.252072 ALI aAliza Siddiqui, Muhammad Immaduddin, Muhammad Unais, Saba Hayat Khan & Syed Mohsin ul Hasan Zaidi 0aAutomating Models aKarachi:bUITU,c2017 aSoftware Engineering aBachelor of Computer Science (BS)